La cueca: danza nacional de Chile
Uloženo v:
| Médium: | Kniha |
|---|---|
| Jazyk: | španělština |
| Vydáno: |
Santiago
Ministerio de Educación
1995
|
| Témata: | |
| Tagy: |
Přidat tag
Žádné tagy, Buďte první, kdo vytvoří štítek k tomuto záznamu!
|
MARC
| LEADER | 00000nam a2200000 a 4500 | ||
|---|---|---|---|
| 001 | UCU4545 | ||
| 003 | CL-VaPUC | ||
| 005 | 20231026102310.0 | ||
| 008 | 960524e19950000CL |||||||||||||||||spa|d | ||
| 999 | |c 248224 |d 248222 | ||
| 040 | |c Pontificia Universidad Católica de Valparaíso | ||
| 082 | 0 | 4 | |a 793.3 MIN 1995 |2 21 |
| 245 | 1 | 3 | |a La cueca: danza nacional de Chile |
| 260 | |a Santiago |b Ministerio de Educación |c 1995 | ||
| 300 | |a 49 p | ||
| 583 | |a last modification |c 19960524 00:00:00 |k Rodrigo Vera | ||
| 650 | 0 | |a Cueca |2 CL-VaPUC |9 344561 | |
| 650 | 0 | |a Danzas folklóricas |2 CL-VaPUC |9 330042 | |
| 650 | 0 | |a Cultura popular |2 CL-VaPUC |9 307504 | |
| 650 | 0 | |a Costumbres y tradiciones |9 268292 | |
| 650 | 0 | |a Arte popular |2 CL-VaPUC |9 362163 | |
| 650 | 0 | |a Música folklórica |9 306412 | |
| 650 | 0 | |a Coreografía |2 CL-VaPUC |9 312567 | |
| 650 | 0 | |a Instrumentos musicales |9 306600 | |
| 650 | 0 | |a Historia de la música |9 306741 | |
| 942 | |c BK |2 ddc | ||
| 945 | |d 19960524 00:00:00 |a rleighto | ||
| 952 | |0 0 |1 0 |4 0 |6 793_300000000000000_MIN_1995 |7 0 |8 A |9 264698 |a BIBEDU |b BIBEDU |d 2019-11-19 |i 3203980 |o 793.3 MIN 1995 |p 3203980 |r 2019-11-19 |w 2019-11-19 |y BK |k EDU | ||
| 952 | |0 0 |1 0 |4 0 |6 793_300000000000000_MIN_1995 |7 0 |8 A |9 264699 |a BIBEDU |b BIBEDU |d 2019-11-19 |i 3203999 |o 793.3 MIN 1995 |p 3203999 |r 2019-11-19 |w 2019-11-19 |y BK |k EDU | ||
| 952 | |0 0 |1 0 |4 0 |6 793_300000000000000_MIN_1995 |7 0 |8 A |9 264700 |a BIBEDU |b BIBEDU |d 2019-11-19 |i 3204006 |o 793.3 MIN 1995 |p 3204006 |r 2019-11-19 |w 2019-11-19 |y BK |k EDU | ||
| 952 | |0 0 |1 0 |4 0 |6 793_300000000000000_MIN_1995 |7 0 |8 X |9 264701 |a FDOMLP |b FDOMLP |d 2019-11-19 |i 3425517 |o 793.3 MIN 1995 |p 3425517 |r 2019-11-19 |w 2019-11-19 |y BK_X |k BU2 | ||
| 952 | |0 0 |1 0 |4 0 |6 793_300000000000000_MIN_1995 |7 0 |8 X |9 264702 |a FDOMLP |b FDOMLP |d 2019-11-19 |i 3625583 |o 793.3 MIN 1995 |p 3625583 |r 2019-11-19 |w 2019-11-19 |y BK_X |k BU2 | ||
| 952 | |0 0 |1 0 |4 0 |6 793_300000000000000_MIN_1995 |7 0 |8 A |9 264703 |a BIBEDU |b BIBEDU |d 2019-11-19 |i 1248022 |o 793.3 MIN 1995 |p 1248022 |r 2023-01-12 |w 2019-11-19 |y BK |k MUS | ||
| 952 | |0 0 |1 0 |4 0 |6 793_300000000000000_MIN_1995 |7 0 |8 A |9 264704 |a BIBEDU |b BIBEDU |d 2019-11-19 |i 1233556 |o 793.3 MIN 1995 |p 1233556 |r 2023-01-12 |w 2019-11-19 |y BK |k MUS | ||
| 952 | |0 0 |1 0 |4 0 |6 793_300000000000000_MIN_1995 |7 0 |8 X |9 264705 |a FDOMLP |b FDOMLP |d 2019-11-19 |i 3752763 |o 793.3 MIN 1995 |p 3752763 |r 2019-11-19 |w 2019-11-19 |y BK_X |k BU2 | ||
| 952 | |0 0 |1 0 |4 0 |6 793_300000000000000_MIN_1995 |7 0 |8 X |9 264706 |a FDOMLP |b FDOMLP |d 2019-11-19 |i 3696626 |o 793.3 MIN 1995 |p 3696626 |r 2019-11-19 |w 2019-11-19 |y BK_X |k BU2 | ||